[Event "Ceriano Laghetto op-B 23rd"]
[Site "Ceriano Laghetto"]
[Date "2014.03.15"]
[Round "2"]
[White "Kupresakovic, Marko"]
[Black "Monticelli, Francesco"]
[Result "1-0"]
[WhiteElo "1939"]
[BlackElo "1701"]
[PlyCount "73"]
[EventDate "2014.03.14"]
[EventType "swiss"]
[EventRounds "5"]
[EventCountry "ITA"]
[SourceTitle "EXT 2015"]
[Source "ChessBase"]
[SourceDate "2014.11.20"]
[SourceVersion "1"]
[SourceVersionDate "2014.11.20"]
[SourceQuality "1"]

1. Nf3 d5 2. d4 Nf6 3. c4 c6 4. Nc3 e6 5. cxd5 exd5 6. e3 Bd6 7. Bd3 0-0 8. Qc2 Qc7 9. h3 b6 10. a3 Nbd7 11. b4 a5 12. b5 c5 13. Bb2 Bb7 14. dxc5 Nxc5 15. Rc1 Nxd3+ 16. Qxd3 Qd7 17. 0-0 Rac8 18. Rfd1 Rfd8 19. Na4 Bc7 20. Ng5 d4 21. Bxd4 Qd5 22. Nf3 Ne4 23. Qe2 Qe6 24. Qb2 Qg6 25. Rc2 Nd2 26. Rdxd2 Bxf3 27. g3 Bxg3 28. fxg3 Qxg3+ 29. Rg2 Bxg2 30. Rxg2 Qe1+ 31. Kh2 g6 32. Bh8 Kf8 33. Bg7+ Kg8 34. Bh6 f6 35. Qxf6 Rd7 36. Qe6+ Kh8 37. Qxd7 1-0

[Event "Bergamo op 12th"]
[Site "Bergamo"]
[Date "2013.07.19"]
[Round "2"]
[White "Caprio, Guido"]
[Black "Kupresakovic, Marko"]
[Result "1-0"]
[WhiteElo "2415"]
[BlackElo "1926"]
[PlyCount "39"]
[EventDate "2013.07.19"]
[EventType "swiss"]
[EventRounds "6"]
[EventCountry "ITA"]
[SourceTitle "EXT 2024"]
[Source "ChessBase"]
[SourceDate "2023.10.10"]
[SourceVersion "1"]
[SourceVersionDate "2023.10.10"]
[SourceQuality "1"]

1. d4 Nf6 2. c4 e6 3. Nc3 d5 4. cxd5 Nxd5 5. e4 Nxc3 6. bxc3 Be7 7. Nf3 0-0 8. Bc4 b6 9. Qe2 Bb7 10. 0-0 Nc6 11. Bd3 Re8 12. Bf4 Bd6 13. e5 Bf8 14. Bxh7+ Kxh7 15. Ng5+ Kg6 16. Qd3+ f5 17. Qh3 Qxg5 18. Bxg5 Kxg5 19. Qh7 Ne7 20. f4+ 1-0